01210nam a2200193Ia 4500001001000000003001000010008004100020040002500061041001300086100002300099245008200122250001100204260009200215300002900307500026600336501011400602520026600716650003400982L235-7351IT-CnALBA170116s9999||||xx |||||||||||||| ||und|| aIT-CnALBAcIT-CnALBA aITALIANO aALASTRUEY GREGORIO 0aLA SS. VERGINE MARIA. TRATTATO DI MARIOLOGIA. VOL. I. PER SACERDOTI E LAICI.  a1a ed. aCINISELLO BALSAMO (MI)bEDIZIONI PAOLINEc1952 [1° Ed.:1952 - Ed.Ling.Originale: 1945] a550 p. (prefazione: 712) aTRADUZIONE DALLO SPAGNOLO DI D. DRAGONE CARLO, SSP. IL NOME DI MARIA. STIRPE. GENITORI. NASCITA INFANZIA E ADOLESCENZA. SPOSALIZIO. MATERNITÀ. PREDESTINAZIONE. ANNUNCIAZIONE. SANTITÀ DI MARIA. VIRTÙ. I DONI DELLO SPIRITO. DOTI E PREROGATIVE. MORTE DI MARI aSocietà San Paolo EM - Piazza San Paolo, 14 - 12051 ALBA (CN) (non commercial uses only) ® Copyright 2017 aTRADUZIONE DALLO SPAGNOLO DI D. DRAGONE CARLO, SSP. IL NOME DI MARIA. STIRPE. GENITORI. NASCITA INFANZIA E ADOLESCENZA. SPOSALIZIO. MATERNITÀ. PREDESTINAZIONE. ANNUNCIAZIONE. SANTITÀ DI MARIA. VIRTÙ. I DONI DELLO SPIRITO. DOTI E PREROGATIVE. MORTE DI MARI aMARIA SS. ANGELI SANTI DEMONI